The domestication of women : discrimination in developing societies
Αποθηκεύτηκε σε:
| Κύριος συγγραφέας: | |
|---|---|
| Μορφή: | Βιβλίο |
| Γλώσσα: | English |
| Δημοσίευση: |
London :
Tavistock,
1981
|
| Σειρά: | Social science paperbacks ;
; 213 |
| Θέματα: | |
| Ετικέτες: |
Προσθήκη ετικέτας
Δεν υπάρχουν, Καταχωρήστε ετικέτα πρώτοι!
|
MARC
| LEADER | 00000nam a2200000 i 4500 | ||
|---|---|---|---|
| 001 | 1/82314 | ||
| 008 | 950522s1981 eng d | ||
| 020 | |a 0-422-77630-0 | ||
| 035 | |l 10005478 | ||
| 040 | |a GR-MY-UA |b gre |e aacr | ||
| 041 | 0 | |a eng | |
| 082 | 0 | |a 305.42091724 | |
| 100 | 1 | |a Rogers, Barbara |d 1945- | |
| 245 | 1 | 4 | |a The domestication of women : |b discrimination in developing societies / |c Barbara Rogers |
| 260 | |a London : |b Tavistock, |c 1981 | ||
| 300 | |a 200 p. | ||
| 490 | 1 | |a Social science paperbacks |v ; 213 | |
| 650 | 0 | 0 | |a Sex discrimination against women |z Developing countries. |
| 650 | 0 | 0 | |a Division of labor. |
| 650 | 0 | 0 | |a Women |x Employment |z Developing countries. |
| 830 | 0 | |a Social science paperbacks ; |v ; 213 | |
| 852 | |a INST |b LESVOS |e 19950522 |h 305.42091724 ROG |p 005100000564 |q 005100000564 |t BK |y 0 | ||
| 909 | |a Λ |b 007546 | ||